000
00345pab a2200145 454500
008
180718b1987 xxu||||| |||| 00| 0 eng d
100
_a
Paris, David C.
245
_a
Fact, theory, and democratic theory
260
_c
1987
300
_a
215-36
362
_a
June
650
_a
Democracy
773
_a
Western Political Quarterly
909
_a
7184
999
_c
7184
_d
7184